10 Największych wysp morza Bałtyckiego na mapie - Statystyki

Ogólne statystyki
  • Ten quiz został rozwiązany 158 razy
  • Średni wynik to 5 z 10
Odpowiedzi na mapie
Odpowiedzi zakodowano w zielono-czerwonej skali na mapie do tego quizu, zgodnie z poniższymi procentami.
 
Statystyki odpowiedzi
Państwo Wyspa Powierzchnia km² % Poprawnych
🇩🇰 Bornholm 590
88%
🇸🇪 Gotlandia 3100
81%
🇩🇰 Zelandia 7000
72%
🇩🇪 Rugia 920
56%
🇫🇮 Fasta Åland 670
55%
🇸🇪 Olandia 1300
45%
🇪🇪 Sarema 2700
39%
🇪🇪 Hiuma 990
26%
🇩🇰 Fionia 3000
21%
🇩🇰 Lolland 1200
14%
Nie znaleziono quizów pasujących do podanych kryteriów
Rozkład punktacji
Procent ludzi z każdym wynikiem
Percentyl według liczby udzielonych odpowiedzi
Twoja historia wyników
Nie rozwiązałeś tego quizu